| 000 | 01208nam a22003257a 4500 | ||
|---|---|---|---|
| 003 | CHAP | ||
| 005 | 20250926062750.0 | ||
| 008 | 971013s1994 r 00010 d | ||
| 010 | _a38890 | ||
| 011 | _a39862 | ||
| 035 | _a43987 | ||
| 040 | _cCHAP | ||
| 100 | 0 | 0 |
_aCastorena García, José Santos. _920289 |
| 245 | _aEfecto de las diferentes fuentes nitrogenadas y dosis de azufre sobre el rendimiento y calidad del forraje de zacate Taiwan (Pennisetum purpureum Schumach) | ||
| 260 |
_aMarín, N. L. : _bEl autor, _c1994 |
||
| 300 | _a78 h. | ||
| 500 | _a(Ing. Agr. Zootecnista) -- Universidad Autónoma de Nuevo León. Facultad de Agronomía | ||
| 590 |
_aBATCH-UPD _b10 _c20130110 _lUCH01 _h0942 |
||
| 590 |
_aBATCH-UPD _b10 _c20130410 _lUCH01 _h0558 |
||
| 590 |
_aBATCH-UPD _b10 _c20130914 _lUCH01 _h0512 |
||
| 590 |
_aBATCH-UPD _b10 _c20130914 _lUCH01 _h2116 |
||
| 590 |
_aCONVERSION _b10 _c20130109 _lUCH01 _h1322 |
||
| 650 | 1 | 4 |
_aAzufre _xEfecto en pastos. _99216 |
| 650 | 1 | 4 |
_aNitrógeno _xEfecto en pastos. _981455 |
| 650 | 1 | 7 |
_aPastos forrajeros _xRendimiento _2 _986118 |
| 650 | 1 | 4 |
_aPennisetum purpureum. _986708 |
| 901 | _aBK | ||
| 942 | _cTESIS | ||
| 949 |
_bBC _cTES _d-100648 _eTS1 _h27279 _i43987 _si |
||
| 999 |
_c38890 _d38890 |
||